000 00633nam a22001697a 4500
999 _c9995
_d9995
008 180725b ||||| |||| 00| 0 eng d
082 _22018
_aUT 0938
_bA36
100 _929494
_aAlemania, Flora Mae P.
245 _aReading proficiency and reading comprehension for the readers with difficulty /
_cFlora Mae P. Alemania, Leah Mae E. Obaob, Ivy L. Caro
260 _aDigos City :
_bUMDC
_cApril 2018
300 _a54 pages ;
_b29 cm.
650 0 _929498
_aEducation
_vEnglish
_xUndergraduate thesis.
700 _929499
_aAlemania, Flora Mae P.
700 _929501
_aObaob, Leah Mae E.
700 _929502
_aCaro, Ivy L.
942 _2ddc
_cUT